[Event "SRB-chT3 North CS"]
[Site "Serbia"]
[Date "2017.10.12"]
[Round "6.4"]
[White "Jovic, Milivoje"]
[Black "Markovic, Dragan R"]
[Result "1/2-1/2"]
[WhiteElo "1721"]
[BlackElo "2182"]
[PlyCount "100"]
[EventDate "2017.09.03"]
[EventType "team-tourn"]
[EventRounds "11"]
[EventCountry "SRB"]
[SourceTitle "EXT 2021"]
[Source "ChessBase"]
[SourceDate "2020.10.23"]
[SourceVersion "1"]
[SourceVersionDate "2020.10.23"]
[SourceQuality "1"]

1. e4 c5 2. Nf3 a6 3. d4 cxd4 4. Bc4 e6 5. Nxd4 Nf6 6. Qe2 d6 7. Nc3 Be7 8. 0-0 0-0 9. Kh1 Qb6 10. Nb3 Nc6 11. Be3 Qc7 12. f4 b5 13. Bd3 Bb7 14. a3 Rac8 15. h3 Rfe8 16. Qf2 Nd7 17. Rac1 Bf6 18. Qd2 Nb6 19. Bxb6 Qxb6 20. Nd1 a5 21. c3 b4 22. axb4 axb4 23. Qe3 Qxe3 24. Nxe3 g6 25. Rfd1 Red8 26. Kh2 Bg7 27. g4 Ne7 28. cxb4 Bxb2 29. Rxc8 Rxc8 30. Nc4 Rxc4 31. Bxc4 Bxe4 32. Rxd6 g5 33. Rd8+ Kg7 34. Nc5 Bd5 35. Bxd5 Nxd5 36. fxg5 Nxb4 37. Nd3 Nxd3 38. Rxd3 Kg6 39. h4 Bc1 40. Kg2 Bf4 41. Kf3 Bc1 42. Rd1 Bb2 43. Rd8 Kg7 44. Ke4 Bc1 45. Rd1 Ba3 46. h5 Be7 47. Kf4 Ba3 48. Kg3 Be7 49. Kf4 Ba3 50. h6+ Kg6 1/2-1/2